تحميل...

Law of ownership of property & investigation of title

التفاصيل البيبلوغرافية
المؤلف الرئيسي: Verma,J.C
التنسيق: Printed Book
منشور في: New Delhi Bharat 1995
الطبعة:3rd ed.
الموضوعات:
LEADER 00508cam a2200169ua 4500
020 |a 81-85224-56-0 
082 |a 346.043 2  |b VER/L 
100 0 |a Verma,J.C 
245 0 0 |a Law of ownership of property & investigation of title  
250 |a 3rd ed. 
260 |a New Delhi  |b Bharat  |c 1995 
300 |a 544p. 
650 |a Ownership 
650 0 |a Personal property 
942 |c BK 
999 |c 9929  |d 9929 
952 |0 0  |1 0  |4 0  |6 346_043000000000000_2_VERL  |7 0  |9 10347  |a KUCL  |b KUCL  |d 2014-05-23  |l 0  |o 346.043 2 VER/L  |p 03270  |r 2014-05-23  |y BK